MARC

LEADER 00000nam^a2200000^a^4500
001 000186876
005 20250521000000.0
009 20260310102240.424
037 |a Acervo ITESO - Biblioteca 
041 |a ESP 
082 |a 337. 40073  |b SER 
100 |a Servan-Schreiber, Jean-Jacques  |e (autor) 
245 1 3 |a El desafío americano /  |c J.J. Servan-Schreiber ; tr. por Fernando Durán Villarreal. 
250 |a 5a edición 
264 4 |a Santiago, Chile :  |b Zig-Zag,  |c 1968, c1968 
300 |a 326 p. 
336 |a texto  |b txt  |2 rdacontenido 
337 |a sin mediación  |b n  |2 rdamedio 
338 |a volumen  |b nc  |2 rdasoporte 
440 1 |a (Ensayos Zig-Zag) 
500 |a Traducción de: Le défi américain 
649 |a XX 
650 |a Empresas -  |z Europa -  |x Administración 
650 |a Empresas -  |z EUA -  |x Administración 
650 |a Cambios Sociales y Culturales -  |z Europa 
650 |a Inversiones Extranjeras -  |z Europa 
650 |a Asistencia Económica -  |z EUA 
650 |a Cooperación Internacional -  |z EUA 
650 |a Comunidad Económica Europea -  |x Historia 
650 |a Apertura Comercial e Integración Económica -  |z Europa 
650 |a Dependencia Económica -  |z Europa 
650 |a Desarrollo Tecnológico -  |z EUA 
650 |a Desarrollo Tecnológico -  |z Europa 
650 |a Desarrollo Regional -  |z Europa 
650 |a Desarrollo Económico-Social -  |z Europa 
650 |a Política Económica -  |z EUA 
650 |a Política Exterior -  |z EUA 
650 |a Comercio Internacional -  |z EUA-Europa 
650 |a Relaciones Internacionales -  |z EUA-Europa 
650 |a Finanzas Internacionales -  |z Europa 
650 |a Economía -  |z EUA -  |x Historia -  |y Siglo XX 
650 |a Economía -  |z Europa -  |x Historia -  |y Siglo XX 
650 |a Economía Internacional -  |x Historia -  |y Siglo XX 
910 |a Fondo Armando Suárez Gómez 
920 |a Impresos - Libros 
930 |a Fondos Especiales 
905 |a 111 
901 |a 0700004275  |b IT2  |c ESP  |u 20250521 
902 |a https://opac.biblio.iteso.mx/vufind/Record/000186876